000 00516nam a2200181Ia 4500
005 20250508150623.0
008 008 250505s9999 xx 000 0 eng d
037 _aTextual
040 _aFEDL
_beng
_cFEDL
041 _aeng
_2eng
084 _a686, KAY
_qFEDL
100 _aKay J
245 0 _aAdvanced bookbinding : Continuation of bookbinding for beginners
260 _aLondon, UK
_bCassell and Company Limited
_c1947
300 _a71p.
942 _cTEXL
_h686, KAY
999 _c1324621
_d1324621